Славянский мир: духовные традиции и словесность (Запись № 11848542)

Подробности
000 -МАРКЕР
контрольное поле 02894nam0a2200373 4500
001 - ИДЕНТИФИКАТОР ЗАПИСИ
контрольное поле RU\NLR\BIBL_A\012089789
005 - ИДЕНТИФИКАТОР ВЕРСИИ
контрольное поле 20191016145733.0
010 ## - МЕЖДУНАРОДНЫЙ СТАНДАРТНЫЙ НОМЕР КНИГИ (ISBN)
Номер (ISBN) 978-5-6041227-9-2
Тираж 120
021 ## - НОМЕР ГОСУДАРСТВЕННОЙ РЕГИСТРАЦИИ
Код страны Российская Федерация
Номер КН-П-19-057561
Номер Листа государственной регистраци КН-П-19-4129
035 ## - ДРУГИЕ СИСТЕМНЫЕ НОМЕРА
Идентификатор записи (NLR Aleph) 012089789
035 ## - ДРУГИЕ СИСТЕМНЫЕ НОМЕРА
Идентификатор записи (RuMoRGB)010059729
100 ## - ДАННЫЕ ОБЩЕЙ ОБРАБОТКИ
Данные общей обработки 20190909d2018 k y0rusy50 ca
101 0# - ЯЗЫК РЕСУРСА
Язык текста, звукозаписи и т.д. русский
102 ## - СТРАНА ПУБЛИКАЦИИ ИЛИ ПРОИЗВОДСТВА
Страна публикации Российская Федерация
105 ## - ПОЛЕ КОДИРОВАННЫХ ДАННЫХ: ТЕКСТОВЫЕ МАТЕРИАЛЫ, МОНОГРАФИЧЕСКИЕ
Кодированные данные о монографическом текстовом документе a zzzz100|y
200 1# - ЗАГЛАВИЕ И СВЕДЕНИЯ ОБ ОТВЕТСТВЕННОСТИ
Основное заглавие Славянский мир: духовные традиции и словесность
Сведения, относящиеся к заглавию сборник статей Областных юношеских научно-практических чтений (конференции), приуроченных к празднованию Дня славянской письменности и культуры, 23 мая 2018, [г. Тара]
Первые сведения об ответственности Филиал Федерального государственного бюджетного образовательного учреждения высшего образования "Омский государственный педагогический университет" в г. Таре
Последующие сведения об ответственности [редакционная коллегия: к.филол.н. Ефимова Татьяна Александровна, к.п.н., доц. Киселева Наталья Александровна]
210 ## - ПУБЛИКАЦИЯ, РАСПРОСТРАНЕНИЕ И ДР.
Место издания, распространения и т.д. Омск
Имя издателя, распространителя и т. д. Издательский центр КАН
Дата издания, распространения и т.д. 2018
215 ## - ФИЗИЧЕСКАЯ ХАРАКТЕРИСТИКА
Специфическое обозначение материала и объем 186 с.
Другие сведения о физической характеристике ил., табл.
Размеры 29
320 ## - ПРИМЕЧАНИЯ О НАЛИЧИИ В ДОКУМЕНТЕ БИБЛИОГРАФИИ / УКАЗАТЕЛЯ
Текст примечания Библиогр. в конце ст.
327 1# - ПРИМЕЧАНИЯ О СОДЕРЖАНИИ
Текст примечания В сб. также: Работы победителей конкурса эссэ "Дорога в храм: уроки нравственности"
606 1# - НАИМЕНОВАНИЕ ТЕМЫ КАК ПРЕДМЕТ
Наименование темы Русская филология
Формальный подзаголовок Съезды, совещания и т.п
Системный номер авторитетной/нормативной записи 1533718
Идентификатор авторитетной/нормативной записи RU\NLR\AUTH\66969420
686 1# - ИНДЕКСЫ ДРУГИХ КЛАССИФИКАЦИЙ
Индекс Ш041.2я431
702 #1 - ИМЯ ЛИЦА - ВТОРИЧНАЯ ОТВЕТСТВЕННОСТЬ
Код отношения Редактор
Графика поля Кириллица
Материалы, к которым относится поле rus
Начальный элемент ввода Ефимова
Часть имени, кроме начального элемента ввода Т. А.
Дополнения к именам, кроме дат канд. филол. наук
Расширение инициалов личного имени Татьяна Александровна
Системный номер авторитетной/нормативной записи 191508
Идентификатор авторитетной/нормативной записи RU\NLR\AUTH\770191559
711 12 - НАИМЕНОВАНИЕ ОРГАНИЗАЦИИ - АЛЬТЕРНАТИВНАЯ ОТВЕТСТВЕННОСТЬ
Начальный элемент ввода "Славянский мир: духовные традиции и словесностьсборник статей", областные юношеские научно-практические чтения (конференция)
Место проведения временной организации Тара
Дата проведения временной организации 2018
Системный номер авторитетной/нормативной записи 678089
Идентификатор авторитетной/нормативной записи RU\NLR\AUTH\880508932
711 12 - НАИМЕНОВАНИЕ ОРГАНИЗАЦИИ - АЛЬТЕРНАТИВНАЯ ОТВЕТСТВЕННОСТЬ
Начальный элемент ввода "Дорога в храм: уроки нравственности", конкурс эссе
Место проведения временной организации Тара
Дата проведения временной организации 2018
Системный номер авторитетной/нормативной записи 678096
Идентификатор авторитетной/нормативной записи RU\NLR\AUTH\880508935
712 02 - НАИМЕНОВАНИЕ ОРГАНИЗАЦИИ - ВТОРИЧНАЯ ОТВЕТСТВЕННОСТЬ
Код отношения Организатор конференции
Начальный элемент ввода Омский государственный педагогический университет
Структурное подразделение Тарский филиал
Системный номер авторитетной/нормативной записи 611303
Идентификатор авторитетной/нормативной записи RU\NLR\AUTH\8810055371
942 ## - ДОПОЛНИТЕЛЬНЫЕ ЭЛЕМЕНТЫ ЗАПИСИ (АБИС)
Тип экземпляра АБИС Книга
980 ## - КОЛЛЕКЦИЯ
Название коллекции НБР
980 ## - КОЛЛЕКЦИЯ
Название коллекции Национальная библиография

Нет доступных экземпляров.